Oceňovanie dlhodobého majetku a zásob

Účtovať môžeme len o tom, čo vieme oceniť Oceňovanie je spôsob alebo postup vyjadrenia jednotlivých zložiek majetku a záväzkov v peňažných jednotkách. Cenu možno definovať ako hodnotu majetku vyjadrenú v peniazoch. Ďalej je veľmi dôležité rozlíšiť čas, ku ktorému sa oceňovanie vykonáva. Oceňovanie d...

Ausführliche Beschreibung

Gespeichert in:
Bibliographische Detailangaben
1. Verfasser: Hudecová, Ivana
Format: Buchkapitel
Sprache:Slowakisch
Schlagworte:
Tags: Tag hinzufügen
Keine Tags, Fügen Sie das erste Tag hinzu!

MARC

LEADER 00000naa a2200000 4500
001 0128177
005 20231120085658.9
041 0 |a slo 
044 |a SK 
245 1 0 |a Oceňovanie dlhodobého majetku a zásob  |c Ivana Hudecová 
520 |a Účtovať môžeme len o tom, čo vieme oceniť Oceňovanie je spôsob alebo postup vyjadrenia jednotlivých zložiek majetku a záväzkov v peňažných jednotkách. Cenu možno definovať ako hodnotu majetku vyjadrenú v peniazoch. Ďalej je veľmi dôležité rozlíšiť čas, ku ktorému sa oceňovanie vykonáva. Oceňovanie dlhodobého majetku, oceňovanie zásob v účtovníctve. 
610 2 0 |a majetok dlhodobý 
610 2 0 |a zásoby 
610 2 0 |a oceňovanie 
100 1 |a Hudecová, Ivana